100 heroes - Statistics

General Stats
  • This quiz has been taken 139 times
  • The average score is 42 of 100
Answer Stats
Picture Answer % Correct
Harry Potter
100%
Spider Man
100%
Superman
100%
Batman
99%
Scooby-Doo
97%
Indiana Jones
96%
Captain America
93%
Shrek
91%
Iron Man
89%
Sherlock Holmes
88%
The Hulk
88%
Luke Skywalker
86%
Simba
84%
Forrest Gump
82%
Snoopy
82%
Rocky Balboa
81%
Groot
79%
James Bond
79%
Ant-Man
78%
Gandalf
78%
Kermit the Frog
78%
Black Panther
76%
Obi Wan Kenobi
70%
He-Man
68%
Marty McFly
67%
Ace Ventura
66%
Charlie Brown
66%
Spock
65%
Austin Powers
63%
Frodo Baggins
63%
Bilbo Baggins
61%
Ferris Bueller
58%
Star Lord
58%
Miles Morales
56%
Samwise Gamgee
55%
Legolas
54%
Rey
54%
Doc Brown
52%
Professor X
51%
Aragorn
50%
James Kirk
50%
Mr. Fantastic
50%
Apollo Creed
49%
Jack Skellington
47%
Henry Jones Sr.
42%
Jean-Luc Picard
41%
Pippin Took
41%
Cuphead
40%
Fred Jones
40%
Sarah Connor
40%
Merry Brandybuck
39%
Boromir
38%
John McClane
38%
John Watson
38%
Gimli
37%
Data
35%
Hercule Poirot
32%
Captain Planet
30%
Ethan Hunt
28%
Michael Corleone
28%
Thorin Oakenshield
28%
Andy Dufresne
27%
K2-SO
22%
Short Round
22%
Bones McCoy
21%
Sally
20%
Norville (Shaggy) Rogers
18%
Velma Dinkley
18%
The Narrator/Tyler Durden
17%
Fletch
15%
Mugman
15%
Alan Grant
14%
Daphne Blake
14%
Phoenix Wright
14%
Westley
12%
Ted Logan
11%
Bill Preston
10%
Marion Ravenwood
10%
Richard Kimble
10%
Danny Torrance
9%
John Kimble
8%
Biran O'Connor
7%
Mike Schmidt
7%
Ted Striker
7%
Phil Connors
6%
Dutch
5%
Jen
5%
Laurie Strode
5%
Benjamin Gates
4%
Daniel Kaffee
4%
Mr. Green
4%
Alex Browning
3%
Charles Calvin
3%
David Kujan
3%
Dick Goodwin
3%
Hajime Hinata
3%
Hilo
3%
Makoto Naegi
3%
Martin Bishop
2%
Rian
2%
No matching quizzes found
Score Distribution
Percent of People with Each Score
Percentile by Number Answered
Your Score History
You have not taken this quiz